Diccionario bilingüe Advanced english - spanish, español - inglés / (Registro nro. 5448)

Detalles MARC
000 -CABECERA
Longitud fija campo de control 00799nam a2200229 a 4500
003 - • IDENTIFICADOR DELl NÚMERO DE CONTROL
Identificador del número de control CO-ViMGA
008 - • CÓDIGOS DE INFORMACIÓN DE LONGITUD FIJA
Códigos de información de longitud fija 141112s2004 ck r 000 u spa d
020 ## - • NÚMERO INTERNACIONAL NORMALIZADO PARA LIBROS
Número Internacional Normalizado para Libros (ISBN) 9788499741444
040 ## - FUENTE DE LA CATALOGACIÓN
Centro catalogador de origen CO-ViMGA
Lengua de catalogación spa
Centro transcriptor CO-ViMGA
041 ## - • CÓDIGO DE LENGUA
Código de lengua del texto/banda sonora o título independiente SPA
082 04 - • NÚMERO DE LA CLASIFICACIÓN DECIMAL DEWEY
Número de clasificación (R) R463.21 D31
245 10 - • TITULO PROPIAMENTE DICHO
Título Diccionario bilingüe Advanced english - spanish, español - inglés /
Mención de responsabilidad, etc. Dirección editorial Jordi Induraín
250 ## - • MENCIÓN DE EDICIÓN
Mención de edición 5a ed.
300 ## - • DESCRIPCIÓN FÍSICA
Extensión 672 p.
500 ## - • NOTA GENERAL
Nota general Incluye gramática del inglés y del español, verbos irregulares ingleses y tablas de conjugación de los verbos en español
650 14 - • PUNTO DE ACCESO ADICIONAL DE MATERIA - TÉRMINO DE MATERIA
Término de materia o nombre geográfico como elemento inicial DESDE LOS 15 AÑOS
650 14 - • PUNTO DE ACCESO ADICIONAL DE MATERIA - TÉRMINO DE MATERIA
Término de materia o nombre geográfico como elemento inicial ESPAÑOL - DICCIONARIOS - INGLES
650 14 - • PUNTO DE ACCESO ADICIONAL DE MATERIA - TÉRMINO DE MATERIA
Término de materia o nombre geográfico como elemento inicial INGLES - DICCIONARIOS - ESPAÑOL
942 ## - ENTRADA DE ELEMENTOS AGREGADOS (KOHA)
Fuente de clasificaión o esquema Dewey Decimal Classification
Koha [por defecto] tipo de item LIbro
Existencias
Perdido Fuente de clasificación o esquema Estado Físico No para préstamo Forma de adquisición Localización permanente Localización actual Localización en estanterías Fecha adquisición Préstamos totales Signatura completa Código de barras Fecha última consulta Número de copia Fecha del precio de reemplazo Tipo de item de Koha Serie de enumeración / cronolog&íacute;a Note pública
  Dewey Decimal Classification     Colección General Biblioteca Pública Dorado Biblioteca Pública Dorado Referencia 02/16/2023   R 463.21 D31 DOR01235 02/16/2023 Ej.1 02/16/2023 Libro Referencia    
  Dewey Decimal Classification     Colección General Biblioteca Pública Puerto Lleras Biblioteca Pública Puerto Lleras Referencia 02/27/2023   R 463.21 D31 PL00218 02/27/2023 Ej.1 02/27/2023 Libro Referencia    
        Sala de Referencia Maruja Hernández de Gil Biblioteca Pública Departamental Eduardo Carranza - Villavicencio Biblioteca Pública Departamental Eduardo Carranza - Villavicencio Referencia 01/20/2015   R 463.21 D31 ECA23585 11/25/2024 Ej.1 11/25/2024 LIbro   17553 | 22495
  Dewey Decimal Classification     Sala General Segundo Piso Biblioteca Pública Germán Arciniegas - Villavicencio Biblioteca Pública Germán Arciniegas - Villavicencio   12/04/2015   R463.21 D31 26752 04/18/2018 Ej. 1 12/04/2015 LIbro 10/jul/2014  
  Clasificación Local (Facetada)     Colección General Biblioteca Pública Puerto Concordia Biblioteca Pública Puerto Concordia General 10/16/2025   R463.21 D31 PCON00068 10/16/2025 Ej.1 10/16/2025 Libro Referencia    
  Dewey Decimal Classification     Sala Referencia Biblioteca Pública San Juan de Arama - Concepción de Arama Biblioteca Pública San Juan de Arama - Concepción de Arama Referencia 08/28/2023   R 463.21 D31 SJA00752 08/28/2023 Ej.1 08/28/2023 Libro Referencia    









Instituto Departamental de Cultura del Meta - Red Departamental de Bibliotecas Públicas del Meta.